Состав и химическая стабильность моторных топлив

Podrobná bibliografie
Hlavní autor: Саблина З. А. Зинаида Александровна
Jazyk:ruština
Vydáno: Москва, Химия, 1972
Témata:
Médium: MixedMaterials Kniha
KOHA link:https://koha.lib.tpu.ru/cgi-bin/koha/opac-detail.pl?biblionumber=142042

MARC

LEADER 00000nam0a2200000 4500
001 142042
005 20231031142625.0
035 |a (RuTPU)RU\TPU\book\153941 
090 |a 142042 
100 |a 20080829d1972 km y0rusy50 ca 
101 0 |a rus 
102 |a RU 
105 |a a z 001zy 
200 1 |a Состав и химическая стабильность моторных топлив  |f З. А. Саблина 
210 |a Москва  |c Химия  |d 1972 
215 |a 280 с.  |c ил. 
320 |a Библиография в конце глав. 
610 1 |a моторное топливо 
610 1 |a химический состав 
610 1 |a стабилизация 
610 1 |a методы определения 
610 1 |a методы оценки 
675 |a 662.75  |v 3 
700 1 |a Саблина  |b З. А.  |g Зинаида Александровна 
801 1 |a RU  |b 63413507  |c 20080829  |g PSBO 
801 2 |a RU  |b 63413507  |c 20141219  |g PSBO 
942 |c BK